Bibliografía de Joaquín María Bover de Roselló / (Registro nro. 36955)

Detalles MARC
000 -LEADER
campo de control de longitud fija 00843nam a2200229 i 4500
001 - NÚMERO DE CONTROL
campo de control 36955
003 - IDENTIFICADOR DE NÚMERO DE CONTROL
campo de control ES-MaACL
005 - FECHA Y HORA DE LA ÚLTIMA TRANSACCIÓN
campo de control 20230906155457.0
007 - CAMPO FIJO DE DESCRIPCIÓN FÍSICA--INFORMACIÓN GENERAL
campo de control de longitud fija t|
008 - DATOS DE LONGITUD FIJA--INFORMACIÓN GENERAL
campo de control de longitud fija 030219q1981 sp ||||1| spa d
100 1# - ENTRADA PRINCIPAL--NOMBRE DE PERSONA
Nombre de persona Bover, Jaume.
9 (RLIN) 31118
245 10 - MENCIÓN DEL TÍTULO
Título Bibliografía de Joaquín María Bover de Roselló /
Mención de responsabilidad, etc. Jaume Bover.
260 ## - PUBLICACIÓN, DISTRIBUCIÓN, ETC.
Lugar de publicación, distribución, etc. [Palma de Mallorca] :
Nombre del editor, distribuidor, etc. Biblioteca Bartolomé March,
Fecha de publicación, distribución, etc. [1981?]
300 ## - DESCRIPCIÓN FÍSICA
Extensión P. 60, 5 lám. ;
Dimensiones 25 cm.
490 1# - MENCIÓN DE SERIE
Mención de serie Fontes rerum Balearium. Subsidia ;
Designación de volumen o secuencia 1
500 ## - NOTA GENERAL
Nota general Separata de: Bolletí de la Societat Arqueologica Luliana, 1981, t. XXXVIII.
600 14 - PUNTO DE ACCESO ADICIONAL DE MATERIA--NOMBRE DE PERSONA
Nombre de persona Bover, Joaquín María (
Fechas asociadas al nombre 1810-1865)
9 (RLIN) 146861
740 0# - ENTRADA AGREGADA--TÍTULO RELACIONADO/ANALÍTICO NO CONTROLADO
Título relacionado o analítico no controlado Bolletí de la Societát Arqueologica Luliana.
830 0# - PUNTO DE ACCESO ADICIONAL DE SERIE-TÍTULO UNIFORME
Título uniforme Fontes rerum Balearium. Subsidia ;
Designación de volumen o secuencia 1
9 (RLIN) 184365
852 ## - LOCALIZACIÓN
Ubicación ES-MaACL
Número de control de estantería 2136-F-5
Sublocalización o colección R.110579
Existencias
Estatus retirado Estado de pérdida Estado de daño No para préstamo Colección Biblioteca de origen Biblioteca actual Ubicación en estantería Fecha de adquisición Fuente de adquisición Total de préstamos Signatura topográfica completa Código de barras Visto por última vez Precio de reemplazo Tipo de ítem Koha
        Colección de folletos Biblioteca del Ateneo de Madrid Biblioteca del Ateneo de Madrid Depósito folletos 17/01/2008     2136-F-5 1038874 23/02/2023 23/02/2023 Folleto